[Event "Villagarcia de Arosa op"]
[Site "Villagarcia de Arosa"]
[Date "2005.08.01"]
[Round "1"]
[White "Lemos Vizcaya, Tomas"]
[Black "Hernandez Carmenates, Holden"]
[Result "0-1"]
[WhiteElo "2058"]
[BlackElo "2458"]
[PlyCount "58"]
[EventDate "2005.08.01"]
[EventType "swiss"]
[EventRounds "9"]
[EventCountry "ESP"]
[SourceTitle "CBM 107 Extra"]
[Source "ChessBase"]
[SourceDate "2005.09.01"]
[SourceVersion "1"]
[SourceVersionDate "2005.09.01"]
[SourceQuality "1"]

1. e4 e5 2. Nf3 Nc6 3. Bb5 a6 4. Ba4 Nf6 5. 0-0 Be7 6. Re1 b5 7. Bb3 0-0 8. c3 d5 9. exd5 Nxd5 10. d4 exd4 11. Nxd4 Nxd4 12. Bxd5 Qxd5 13. Rxe7 Bb7 14. f3 Qc5 15. Qxd4 Qxe7 16. Qf2 Rad8 17. Nd2 Rfe8 18. a4 Qe1+ 19. Qf1 Rxd2 20. Bxd2 Qxd2 21. axb5 axb5 22. Qxb5 Bc6 23. Qf1 Qxb2 24. c4 g6 25. Rd1 Re2 26. Rd8+ Kg7 27. Rd1 Ba4 28. Rd5 Qb6+ 29. Kh1 Qe3 0-1